书目信息 |
| 题名: |
全球风险治理创意与合作
|
|
| 作者: | 洪毅 主编 | |
| 分册: | ||
| 出版信息: | 北京 国家行政学院出版社 2017 |
|
| 页数: | 256页 | |
| 开本: | 24cm | |
| 丛书名: | ||
| 单 册: | ||
| 中图分类: | D035.29-53 | |
| 科图分类: | ||
| 主题词: | 紧急事件--公共管理--国际学术会议--文集 | |
| 电子资源: | ||
| ISBN: | 978-7-5150-1955-0 | |
| 000 | 01000nam0 2200253 450 | |
| 001 | 012001000925 | |
| 005 | 20140920091302.0 | |
| 010 | @a978-7-5150-1955-0@dCNY58.00 | |
| 100 | @a20170905d2017 em y0chiy50 ea | |
| 101 | 0 | @achi |
| 102 | @aCN@b110000 | |
| 105 | @ay az 000yy | |
| 106 | @ar | |
| 200 | 1 | @a全球风险治理创意与合作@9Quan Qiu Feng Xian Zhi Li Chuang Yi Yu He Zuo@e2016应急管理国际论坛论文集@f洪毅主编 |
| 210 | @a北京@c国家行政学院出版社@d2017 | |
| 215 | @a256页@d24cm | |
| 320 | @a有书目 | |
| 330 | @a本书依托2016年11月18日举办的“2016年应急管理国际论坛”嘉宾演讲稿,在此基础上梳理整合结集成书。该书分为公共安全风险治理、突发事件应急响应、应急联动与应急管理跨域合作、应急管理与社会共治四部分。 | |
| 517 | 1 | @a2016应急管理国际论坛论文集@92016 Ying Ji Guan Li Guo Ji Lun Tan Lun Wen Ji |
| 606 | 0 | @a紧急事件@x公共管理@x国际学术会议@j文集 |
| 690 | @aD035.29-53@v5 | |
| 701 | 0 | @a洪毅@9Hong Yi@4主编 |
| 801 | 0 | @aCN@b上海新华@c20180901 |
| 905 | @b1155557-61@dD035.29-53@e164@f5 | |
| 全球风险治理创意与合作:2016应急管理国际论坛论文集/洪毅主编.-北京:国家行政学院出版社,2017 |
| 256页;24cm |
| ISBN 978-7-5150-1955-0:CNY58.00 |
| 本书依托2016年11月18日举办的“2016年应急管理国际论坛”嘉宾演讲稿,在此基础上梳理整合结集成书。该书分为公共安全风险治理、突发事件应急响应、应急联动与应急管理跨域合作、应急管理与社会共治四部分。 |
| ● |
| 相关链接 |
|
|
|
|
正题名:全球风险治理创意与合作
索取号:D035.29-53/164
 
预约/预借
| 序号 | 登录号 | 条形码 | 馆藏地/架位号 | 状态 | 备注 |
| 1 | 1155557 | 211555574 | 第一样本阅览室/ [索取号:D035.29-53/164] | 在馆 | |
| 2 | 1155558 | 211555583 | 密集书库-史法系/ [索取号:D035.29-53/164] | 在馆 | |
| 3 | 1155559 | 211555592 | 第一借阅区/ [索取号:D035.29-53/164] | 在馆 | |
| 4 | 1155560 | 211555609 | 第一借阅区/ [索取号:D035.29-53/164] | 在馆 | |
| 5 | 1155561 | 211555618 | 第一借阅区/ [索取号:D035.29-53/164] | 在馆 |